Bible chats. (Record no. 16678)

000 -LEADER
fixed length control field 00453nam a2200169 a 4500
001 - CONTROL NUMBER
control field :::00019857$&:&@@
003 - CONTROL NUMBER IDENTIFIER
control field OkBaRHE
005 - DATE AND TIME OF LATEST TRANSACTION
control field 20011106143232.0
008 - FIXED-LENGTH DATA ELEMENTS--GENERAL INFORMATION
fixed length control field s1942 j 000 0 eng u
040 ## - CATALOGING SOURCE
Transcribing agency
100 1# - MAIN ENTRY--PERSONAL NAME
Personal name Kane
245 10 - TITLE STATEMENT
Title Bible chats.
260 ## - PUBLICATION, DISTRIBUTION, ETC. (IMPRINT)
Place of publication, distribution, etc Anderson, IN
Name of publisher, distributor, etc Warner Press
Date of publication, distribution, etc 1942
300 ## - PHYSICAL DESCRIPTION
Extent 150 p.
942 ## - ADDED ENTRY ELEMENTS (KOHA)
Source of classification or shelving scheme
Koha item type Books
Copies
Full call number Shelving location Barcode Koha item type Damaged status Not for loan Date last seen Copy number Price effective from Permanent Location Date acquired Source of classification or shelving scheme Withdrawn status Lost status
BV 4301 .K3General Stacks19857Books  2010-04-1412010-04-14RHEMA Bible Training College2010-04-14